| 000 | 00834nam a2200205 i 4500 | ||
|---|---|---|---|
| 001 | 154099 | ||
| 003 | ES-MaACL | ||
| 005 | 20230906205524.0 | ||
| 008 | 991112s1863 fr |||| | fre d | ||
| 040 |
_aCAM _bspa _cCAM |
||
| 100 | 1 |
_aFirmin-Didot, Ambroise. _950957 |
|
| 245 | 1 | 0 |
_aEssai typographique et bibliographique dur l'histoire de la gravure sur bois / _cpar Ambroise Firmin Didot ; pour faire suite aux Costumes anciens et modernes de Cesar Vecellio. |
| 260 |
_aParis : _b[Firmin et Didot frères], _c1863. |
||
| 300 |
_aXIV, 315 p. ; _c23 cm. |
||
| 597 | _aTexto enmarcado. | ||
| 597 | _aPort. orlada. | ||
| 650 | 0 | 4 |
_aXilografía. _917857 |
| 700 | 1 |
_aVecellio, Cesare. _9133580 |
|
| 852 |
_aES-MaACL _jD-1120 _z-- Enc. hol. _x-- Edic.: En verso de la antep. consta el imp.: Typographie de Firmin Didot frères & fils |
||
| 999 |
_c154099 _d154099 |
||